| 000 | 00732nam a22002177a 4500 | ||
|---|---|---|---|
| 999 |
_c9095 _d9095 |
||
| 003 | AR-CdUCM | ||
| 008 | 190327b ||||| |||| 00| 0 spa d | ||
| 040 |
_aMUNICIPALIDAD PROVINCIAL DEL CUSCO _cBIBLIOTECA MUNICIPAL DEL CUSCO |
||
| 082 |
_a869.56 / _bB796 |
||
| 100 |
_aBoza, Adriel _95623 |
||
| 245 | _aFiesta / | ||
| 260 |
_aCusco : _bYañez, _c1998. |
||
| 300 |
_a48 páginas ; _c21 cm. |
||
| 505 | _aContenido: Camino de fiesta -- Tarde consumada -- Campanas dolientes -- Dialogo mas allá de la vida y la muerte -- Dolor y tarde -- Canción de Qorilazo... | ||
| 650 |
_aPoemas cusqueños _917957 |
||
| 650 |
_aChumbivilcas _910499 |
||
| 650 |
_aSiglo XX _98 |
||
| 650 |
_aPerú _935 |
||
| 942 |
_2ddc _cLIBROS |
||
| 945 | _adavv | ||